Normal view
MARC view
Entry Topical Term
001 - CONTROL NUMBER
- control field: 24096
003 - CONTROL NUMBER IDENTIFIER
- control field: ARRUPE
005 - DATE AND TIME OF LATEST TRANSACTION
- control field: 20160426095724.0
008 - FIXED-LENGTH DATA ELEMENTS
- fixed length control field: 160426|| aca||aabn | a|a d
040 ## - CATALOGING SOURCE
- Original cataloging agency: ARRUPE
- Transcribing agency: ARRUPE
150 ## - HEADING--TOPICAL TERM
- Topical term or geographic name as entry element: Zimbabwe
- General subdivision: Politics
- Chronological subdivision: 1966-1980
670 ## - SOURCE DATA FOUND
- Source citation: Work cat.: (ARRUPE): Coltart, David 24095, The Struggle Continues, 2016